All Strikeforce MMA Champions - Statistics

General Stats
  • This quiz has been taken 101 times
  • The average score is 11 of 26
Answer Stats
Date of Title Win Champion % Correct
January 30, 2010 Nick Diaz
78%
August 15, 2009 Cris Cyborg
70%
November 16, 2007 Alistair Overeem
69%
March 3, 2012 Ronda Rousey
68%
March 5, 2011 Dan Henderson
65%
September 10, 2011 Luke Rockhold
65%
July 30, 2011 Miesha Tate
62%
April 17, 2010 Muhammed Lawal
53%
June 9, 2006 Gilbert Melendez
47%
December 19, 2009 Gilbert Melendez
47%
July 14, 2012 Nate Marquardt
40%
November 7, 2009 Jake Shields
39%
August 21, 2010 Ronaldo Souza
39%
August 15, 2009 Gegard Mousasi
36%
June 27, 2008 Josh Thomson
34%
December 8, 2006 Josh Thomson
34%
June 22, 2007 Frank Shamrock
32%
March 10, 2006 Clay Guida
29%
March 29, 2008 Cung Le
29%
December 8, 2006 Eugene Jackson
23%
August 21, 2010 Rafael Cavalcante
23%
January 12, 2013 Tarec Saffiedine
23%
February 26, 2010 Sarah Kaufman
21%
October 9, 2010 Marloes Coenen
19%
November 21, 2008 Renato Sobral
18%
December 8, 2006 Bobby Southworth
5%
No matching quizzes found
Score Distribution
Percent of People with Each Score
Percentile by Number Answered
Your Score History
You have not taken this quiz